• 首页
  • 本馆介绍
  • 公告通知
  • 最新文献
  • 馆藏检索
  • 电子资源
  • 读者导购
  • 参考咨询
  • 我的图书馆
  • 登录
  • 详细信息显示
  • 放入我的书架
  • 预约/预借图书
  • 作者相关作品
  • 分类相关作品
  • 丛书相关作品
  • 出版社相关作品

书目信息

  • 表格格式
  • 工作单格式
  • 卡片格式
题名:
现代建筑设计中的绿色技术与人文内涵研究
    
 
作者: 刘素芳 , 蔡家伟 伟著
分册:  
出版信息: 成都   电子科技大学出版社  2019.5
页数: 291页
开本: 24cm
丛书名:
单 册:
中图分类: TU201.5
科图分类:
主题词: 生态建筑--建筑设计--研究
电子资源:
ISBN: 978-7-5647-6972-7
000 01026nam0 2200241 45
001 012001003696
005 20131105111225.0
010    @a978-7-5647-6972-7@dCNY85.00
100    @a20190515d2019 em y0chiy0110 ea
101 0  @achi
102    @aCN@b510000
105    @ay z 000yy
106    @ar
200 1  @a现代建筑设计中的绿色技术与人文内涵研究@9xian dai jian zhu she ji zhong de lv se ji shu yu ren wen nei han yan jiu@f刘素芳,蔡家伟著
210    @a成都@c电子科技大学出版社@d2019.5
215    @a291页@d24cm
330    @a本书介绍了建筑设计中绿色建筑的理念,阐释了环保、节能等绿色技术在建筑设计中的具体应用,分析了建筑设计中绿色建筑评估政策及体系的构建,后探讨了建筑设计中蕴含的人文理念和内涵,并结合相关实际案例进行了分析。本书对建筑设计、城市规划、景观设计等方面的研究者和从业人员具有学习与参考价值。
606 0  @a生态建筑@x建筑设计@x研究
690    @aTU201.5@v5
701  0 @a刘素芳@9liu su fang@4伟著
701  0 @a蔡家伟@9cai jia wei@4著
801  0 @aCN@b上海新华@c20191020
905    @b1206306-9@dTU201.5@e1617@f4
    
    现代建筑设计中的绿色技术与人文内涵研究/刘素芳,蔡家伟著.-成都:电子科技大学出版社,2019.5
    291页;24cm
    
    
    ISBN 978-7-5647-6972-7:CNY85.00
    本书介绍了建筑设计中绿色建筑的理念,阐释了环保、节能等绿色技术在建筑设计中的具体应用,分析了建筑设计中绿色建筑评估政策及体系的构建,后探讨了建筑设计中蕴含的人文理念和内涵,并结合相关实际案例进行了分析。本书对建筑设计、城市规划、景观设计等方面的研究者和从业人员具有学习与参考价值。
●
相关链接 在E读中查询图书 在五车中查询图书 在当当中查询图书 在豆瓣中查询图书


正题名:现代建筑设计中的绿色技术与人文内涵研究     索取号:TU201.5/1617         预约/预借

序号 登录号 条形码 馆藏地/架位号 状态 备注
1 1206306   212063069   第二样本阅览室/ [索取号:TU201.5/1617] 在馆    
2 1206307   212063078   第三借阅区/ [索取号:TU201.5/1617] 在馆    
3 1206308   212063087   第三借阅区/ [索取号:TU201.5/1617] 在馆    
4 1206309   212063096   第三借阅区/ [索取号:TU201.5/1617] 在馆    
唐山师范学院图书馆 欢迎您!
大连网信软件有限公司© 版权所有